| 000 | 00645cam a22002055a 4500 | ||
|---|---|---|---|
| 001 | E153084 | ||
| 008 | 110607s1997 xxk f 000 0 eng d | ||
| 020 | _a0471181153 | ||
| 035 | _a(Sirsi) u153084 | ||
| 041 | 0 | _aeng | |
| 050 | 0 | 4 | _a690 $2 18 |
| 100 | 1 | _aWebster, L. F. | |
| 245 | 0 | 4 | _aThe Wiley Dictionary of civil engineering and construction |
| 260 |
_aNew York _bWiley _c1997 |
||
| 300 |
_axi, 666p. _c26cm. |
||
| 520 | _aIncludes definitions of terms, techniques, concepts, names and abbreviations used in construction engineering, forestry and surveying. | ||
| 651 | 4 | _aInternational | |
| 690 | _aBUILT ENVIRONMENT | ||
| 942 | _n0 | ||
| 999 |
_c112366 _d112366 |
||